Revista Universitaria : (Record no. 21736)

000 -CABECERA
fixed length control field 02174nam a22002657a 4500
003 - IDENTIFICADOR DEL NÚMERO DE CONTROL
control field AR-CdUCM
008 - DATOS DE LONGITUD FIJA--INFORMACIÓN GENERAL
fixed length control field 190425b ||||| |||| 00| 0 spa d
040 ## - FUENTE DE LA CATALOGACIÓN
Agencia/entidad que catalogó originalmente la obra MUNICIPALIDAD PROVINCIAL DEL CUSCO
Entidad que transcribió la catalogación BIBLIOTECA MUNICIPAL DEL CUSCO
082 ## - NÚMERO DE LA CLASIFICACIÓN DECIMAL DEWEY
No. de Clasificación Rev.Univ/N°79/1940
Notacion interna Rev.Univ/N°79/1940
110 ## - ENTRADA PRINCIPAL--NOMBRE DE ENTIDAD CORPORATIVA
Nombre de la institución, jurisdicción como entrada principal Universidad Nacional de San Antonio Abad del Cusco
9 (RLIN) 15942
245 ## - MENCIÓN DE TÍTULO
Título Revista Universitaria :
Resto del título Órgano de la Universidad del Cuzco /
260 ## - PUBLICACIÓN, DISTRIBUCIÓN, ETC.
Lugar de publicación, distribución, etc. Cusco :
Nombre de la editorial, distribuidor, etc. H. G. Rozas,
Fecha de publicación, distribución, etc. 1940.
300 ## - DESCRIPCIÓN FÍSICA
Nº de Páginas Extensión 218 páginas. :
Dimensiones 20 cm.
440 ## - MENCIÓN DE SERIE/PUNTO DE ACCESO ADICIONAL--TÍTULO
Título Revista Universitaria
Número de la parte/sección de una obra Año XXIX, 2° semestre 1940, N°79
9 (RLIN) 45919
505 ## - NOTA DE CONTENIDO CON FORMATO
Nota de contenido formateada Contenido: Saludemos a Arequipa. David Chaparro. -- Acta de fundación de Villa Hermosa en el Valle de Arequipa. -- Dos escritoras arequipeñas. Alfredo Yépez miranda. -- Formaciones vegetales del departamento de Arequipa. Cesar Vargas. -- La muerte de la emoción. Alfredo Yépez miranda. -- El tesoro del poeta. Alfredo Yépez miranda. -- Las nevadas en Arequipa. Antonio Lorena. -- La influencia clásica en Melgar. Eulogio Tapia Olarte. -- Don Juan Manuel Polar. José Gabriel Cosío. -- Un capítulo de los Comentarios Reales de los Incas del Inca Garcilaso de la Vega. El Inca Mayta Kcapac y la fundación incaica de Arequipa. -- La muerte de Salaverry en Arequipa. Julián Santisteban Ochoa. -- A Arequipa. Luis Felipe Paredes. -- La caverna de la nacionalidad. José Uriel García. -- Melgar poema. Abraham Vizcarra Rozas. -- Saludo a Arequipa desde el Salccantay. Miguel Ángel Delgado Vivanco . -- Don Felipe Waman Puma. Víctor Navarro del Águila. -- Bolívar en la capital de los incas. Jorge Cornejo Bouroncle. -- El tratado de Paucarpata. Miguel Ángel Nieto. -- La educación en la República. José G. Callo. -- Personal docente y administrativo de la Universidad 1940.<br/>
650 ## - PUNTO DE ACCESO ADICIONAL DE MATERIA--TÉRMINO DE MATERIA
Descriptor Simón Bolívar
9 (RLIN) 1694
650 ## - PUNTO DE ACCESO ADICIONAL DE MATERIA--TÉRMINO DE MATERIA
Descriptor Felipe Guamán Poma de Ayala
9 (RLIN) 45889
650 ## - PUNTO DE ACCESO ADICIONAL DE MATERIA--TÉRMINO DE MATERIA
Descriptor Arequipa
9 (RLIN) 1703
700 ## - PUNTO DE ACCESO ADICIONAL--NOMBRE DE PERSONA
Nombre Personal Yépez Miranda, Alfredo
9 (RLIN) 4230
700 ## - PUNTO DE ACCESO ADICIONAL--NOMBRE DE PERSONA
Nombre Personal Cosío, José Gabriel
9 (RLIN) 11720
700 ## - PUNTO DE ACCESO ADICIONAL--NOMBRE DE PERSONA
Nombre Personal Cornejo Bouroncle, Jorge
9 (RLIN) 15278
710 ## - PUNTO DE ACCESO ADICIONAL--NOMBRE DE ENTIDAD CORPORATIVA
Nombre corporativo (En letras Mayúsculas) Universidad Nacional de San Antonio Abad del Cusco
9 (RLIN) 15942
942 ## - ELEMENTOS DE PUNTO DE ACCESO ADICIONAL (KOHA)
Fuente de clasificación
Tipo de item Revistas cusqueñas
945 ## - PROCESAMIENTO DE INFORMACIÓN LOCAL (OCLC)
Catalogador rac
Holdings
Estado de retiro (separado) Fuente de clasificación o esquema de estanterías Estado dañado Ubicación Sala donde se ubica Nombre de la colección Fecha de adquisición o compra Costo, precio normal en soles Signatura topográfica Código de Barras Última vez visto (Koha) Tipo de ítem (Koha)
No     Sala Hemeroteca Sala Hemeroteca Book Cart 2021-04-27 10.00 Rev.Univ/N°79/1940 REVC000071 2021-04-27 Revistas cusqueñas
No     Sala Hemeroteca Sala Hemeroteca Book Cart 2021-04-27 10.00 Rev.Univ/N°79/1940/e.2 REVC000072 2021-04-27 Revistas cusqueñas
No     Sala Hemeroteca Sala Hemeroteca Book Cart 2021-04-27 10.00 Rev.Univ/N°79/1940/e.3 REVC000073 2021-04-27 Revistas cusqueñas
No     Sala Hemeroteca Sala Hemeroteca Book Cart 2021-04-27 10.00 Rev.Univ/N°79/1940/e.4 REVC000074 2021-04-27 Revistas cusqueñas

Powered by Koha